000 00326nam a2200145Ia 4500
005 20251222143149.0
008 251222s9999||||xx |||||||||||||| ||spa||
020 _a9788425428647
082 _a128.33/M41
100 _aMélich
245 0 _aFilosofía de la Finitud
250 _a2da.ed.
264 _bHerder
942 _cLIB
999 _c12619
_d12619